000 00500nam a2200193Ia 4500
005 20250508154601.0
008 008 250505s9999 xx 000 0 eng d
037 _aTextual
040 _aFEDL
_beng
_cFEDL
041 _aeng
_2eng
084 _a311, TIP
_qFEDL
100 _aTippett L. H. C.
_9757201
245 0 _aStatistics
250 _a2
260 _aLondon, UK
_bOxford University Press
_c1961
300 _avi,224p
942 _cTEXL
_h311, TIP
999 _c1351022
_d1351022